000 00520nam a2200205Ia 4500
005 20250923144735.0
008 008 250917s9999 xx 000 0 eng d
037 _aTextual
040 _aDSWL
_beng
_cDSWL
041 _aeng
_2eng
084 _qDSWL
100 _aBaratz, Joseph
_9827933
245 0 _aVillage by the Jordan
_cby Joseph Baratz
260 _aNew York
_b Sharan Brothers
_c1957
300 _a176p.
365 _aUSD
_b3
925 _g3
942 _cTEXL
999 _c1442746
_d1442746